La Raíz - Estadísticas

Estadísticas generales
  • Esta prueba ha sido intentada 45 veces
  • La puntuación promedio es 22 de 51
Estadísticas de respuestas
Hint Respuesta % Correcto
- Entre poetas y presos
100%
- A la sombra de la sierra
89%
- El tren huracán
81%
- Nos volveremos a ver
81%
- Nos volveremos a ver
81%
- Muérdeles
70%
- El lado de los rebeldes
67%
- Intro
67%
- Rueda la corona
67%
- Rueda la corona
67%
- Jilgueros
63%
- Llueve en semana santa
59%
- Por favor
59%
- Radio clandestina
59%
- Borracha y callejera
56%
- La hoguera de los continentes
56%
- Tiempo
56%
- Tiempo
56%
- El circo de la pena
52%
- El circo de la pena
52%
- Solo quiero de ti
48%
- Guerra al silencio
44%
- Nuestra nación
44%
- El mercurio
41%
- Intro "Las miserias de sus crímenes"
41%
- La voz del pueblo
41%
- Donde duerme el chamán
37%
- Raíces
37%
- Suya mi guerra
37%
- Una selva asesina
37%
- De mar en mar
30%
- De piedra tu cuerpo
30%
- Obediencia ciega
30%
- Zarzuela y Castañuela
30%
- Dientes del león
26%
- Outro
26%
- Pobre Manuel
26%
- Sumere
26%
- Vendrás
26%
- Función gigante
22%
- Parece mentira
22%
- África
19%
- Eligiré
19%
- Noches en Babylon
19%
- Esqueletos de la soledad
15%
- Malos tiempos
15%
- Se abrió la vela
15%
- Señor agente
15%
- Tango's Club
15%
- Respiro
11%
- Canción pendiente
7%
No se encontraron pruebas coincidentes
Distribución de puntuación
Porcentaje de gente con cada puntuación
Porcentaje por número respondido
Historial de tus puntuaciones
No has intentado esta prueba.